Search the Library Catalogue
| 000 -LEADER | |
|---|---|
| fixed length control field | 00844nam a2200241Ia 4500 |
| 008 - FIXED-LENGTH DATA ELEMENTS--GENERAL INFORMATION | |
| fixed length control field | 191130s1999##################000#0#eng## |
| 020 ## - INTERNATIONAL STANDARD BOOK NUMBER | |
| ISBN | 9780192842084 |
| 082 ## - DEWEY DECIMAL CLASSIFICATION NUMBER | |
| Classification number | 709.386 PRE |
| 100 ## - MAIN ENTRY--AUTHOR NAME | |
| Personal name | Preziosi, Donald |
| 245 ## - TITLE STATEMENT | |
| Title | Aegean art and architecture |
| Statement of responsibility, etc | Donald Preziosi and Louise A. Hitchcock |
| 260 ## - PUBLICATION, DISTRIBUTION, ETC. (IMPRINT) | |
| Place of publication | Oxford |
| Name of publisher | Oxford University Press |
| Year of publication | 1999 |
| 300 ## - PHYSICAL DESCRIPTION | |
| Number of Pages | ix, 251 p. : ill. en noir et en coul. ; 24 cm |
| 500 ## - GENERAL NOTE | |
| General note | Includes bibliographical references and index |
| 650 ## - SUBJECT ADDED ENTRY--TOPICAL TERM | |
| Topical Term | Art égéen |
| Topical Term | art grec antique -- Egée (mer, région) -- 3300 av. J.-C. / 1000 av. J.-C |
| Topical Term | art minoen -- Egée (mer, région) |
| Topical Term | art mycénien -- Egée (mer, région) |
| 700 ## - ADDED ENTRY--PERSONAL NAME | |
| Personal name | Hitchcock, Louise A |
| 991 ## - | |
| -- | 302794 |
| Withdrawn status | Lost status | Damaged status | Not for loan | Home library | Current library | Shelving location | Date acquired | Full call number | Accession Number | Price effective from | Koha item type |
|---|---|---|---|---|---|---|---|---|---|---|---|
| Anna Centenary Library | Anna Centenary Library | 6TH FLOOR, B WING | 17.10.2020 | 709.386 PRE | 140412 | 17.10.2020 | English Books |